Christians in the world.
محفوظ في:
| المؤلف الرئيسي: | |
|---|---|
| مؤلفون آخرون: | |
| التنسيق: | كتاب |
| اللغة: | English French |
| منشور في: |
London,
G. Chapman,
1961.
|
| الموضوعات: |
| LEADER | 00943nam a2200265 4500 | ||
|---|---|---|---|
| 001 | c000387820 | ||
| 003 | CARM | ||
| 005 | 00000000000000.0 | ||
| 008 | 941108s1961 enk 000 0 eng d | ||
| 015 | |a GB61-7073 | ||
| 019 | 1 | |a 11239253 |5 LACONCORD2021 | |
| 035 | |a (OCoLC)1305470 |5 LACONCORD2021 | ||
| 040 | |a VDU |c VDU | ||
| 041 | 1 | |a eng |h fre | |
| 082 | 0 | 4 | |a 261 |
| 100 | 1 | |a Leclercq, Jacques, |d 1891-1971. | |
| 245 | 1 | 0 | |a Christians in the world. |c Translated by Kathleen Pond. |
| 260 | |a London, |b G. Chapman, |c 1961. | ||
| 300 | |a x, 174 p. |c 21 cm. | ||
| 500 | |a Translation of Vivre chrétiennement notre temps. | ||
| 650 | 0 | |a Christian life |x Catholic authors. | |
| 700 | 1 | |a Pond, Kathleen, |d 1898- |e tr. | |
| 852 | 8 | |b CARM |h A3:AD38A0 |i B11636 |p 0477984 |f BK | |
| 999 | f | f | |i 64db1a4c-bb1d-50bf-abe2-fdf69a45ee8b |s 0cf1438f-8a23-5830-902d-5c9f911e87e3 |
| 952 | f | f | |p Can circulate |a CAVAL |b CAVAL |c CAVAL |d CARM 1 Store |e B11636 |f A3:AD38A0 |h Other scheme |i book |m 0477984 |